عکس غم (Record no. 183244)

MARC details
000 -LEADER
fixed length control field 00673nam a22001937a 4500
005 - DATE AND TIME OF LATEST TRANSACTION
control field 20211221144910.0
010 ## - LCCN (DPL NO)
LC control number UR-10506
020 ## - INTERNATIONAL STANDARD BOOK NUMBER
Terms of availability 100.00
International Standard Book Number -
035 ## - SYSTEM CONTROL NUMBER
System control number U-9061
037 ## - SOURCE OF ACQUISITION
Source of stock number/acquisition DBAD/PUB
Stock number -
082 ## - DEWEY DECIMAL CLASSIFICATION NUMBER
Classification number 841
100 ## - MAIN ENTRY--PERSONAL NAME
Personal name و ا حد ا نصا ری بر ہا ن پو ر ی
245 ## - TITLE STATEMENT
Title عکس غم
Statement of responsibility, etc و ا حد ا نصا ری بر ہا ن پو ر ی
246 ## - VARYING FORM OF TITLE
Remainder of title Aks-e-Gham (Urdu)
Title proper/short title by Wahid Ansari Burhan Puri
260 ## - PUBLICATION, DISTRIBUTION, ETC. (IMPRINT)
Place of publication, distribution, etc Madhya Pradesh
Name of publisher, distributor, etc Murkaz Saqafat wa Tehqeeq
Date of publication, distribution, etc 2020 ء
270 ## - ADDRESS
Address Shah Bhikari Azad Nagar,BurhanPur
City Madhya Pardesh
Postal code 450331
Telephone number 9753418295
Fax number -
300 ## - PHYSICAL DESCRIPTION
Extent 112 ص
Dimensions 22 Cm(Hb)
942 ## - ADDED ENTRY ELEMENTS (KOHA)
Source of classification or shelving scheme Dewey Decimal Classification
Item type Urdu Bks
Classification part 841
Call number suffix ا ن ص
Holdings
Withdrawn status Lost status Not for loan Collection code Home library Current library Date acquired Source of acquisition Cost, normal purchase price Full call number Barcode Copy number Cost, replacement price Koha item type
    Not For Loan Non-fiction D.B.Act.Division Central Library 21/12/2021 DBAD/PUB 100.00 841 ا ن ص U-9931 1 100.00 Urdu Bks

© Delhi Public Library
Hit Counter
free hit counter